[Event "Tenerife-chT Preferente"]
[Site "Tenerife"]
[Date "2021.05.15"]
[Round "6.2"]
[White "Rousseau, Benoit"]
[Black "Martin Hernandez, Jonas David"]
[Result "0-1"]
[WhiteElo "1981"]
[BlackElo "1881"]
[PlyCount "41"]
[EventDate "2021.02.27"]
[EventType "team-tourn"]
[EventRounds "14"]
[EventCountry "ESP"]
[SourceTitle "EXT 2023"]
[Source "ChessBase"]
[SourceDate "2022.10.05"]
[SourceVersion "1"]
[SourceVersionDate "2022.10.05"]
[SourceQuality "1"]
[WhiteTeam "Al Shah Mat Los Realejos"]
[BlackTeam "Piratas La Orotava"]
[WhiteTeamCountry "ESP"]
[BlackTeamCountry "ESP"]

1. b3 c5 2. Bb2 e6 3. e3 d5 4. f4 Nf6 5. Nf3 Bd6 6. Be2 Nc6 7. 0-0 Qc7 8. Qe1 Bd7 9. Qg3 Be7 10. Qxg7 Rg8 11. Qh6 Rg6 12. Qh4 0-0-0 13. Ne5 Ng4 14. Qh5 Ngxe5 15. fxe5 d4 16. exd4 cxd4 17. d3 Rdg8 18. Rf2 Bg5 19. g3 Be3 20. Na3 Nxe5 21. Kg2 0-1

[Event "Canarias-chT Honor"]
[Site "Spain"]
[Date "2020.01.18"]
[Round "2.3"]
[White "Amador Garcia, Ismael"]
[Black "Rousseau, Benoit"]
[Result "1-0"]
[WhiteElo "2111"]
[BlackElo "1986"]
[PlyCount "75"]
[EventDate "2020.01.11"]
[EventType "team-tourn"]
[EventRounds "9"]
[EventCountry "ESP"]
[SourceTitle "CBM 195 Extra"]
[Source "ChessBase"]
[SourceDate "2020.05.31"]
[SourceVersion "1"]
[SourceVersionDate "2020.05.31"]
[SourceQuality "1"]
[WhiteTeam "Fundacion La Caja de Canarias"]
[BlackTeam "Los Realejos Shah Mat"]
[WhiteTeamCountry "ESP"]
[BlackTeamCountry "ESP"]

1. e4 d5 2. exd5 Nf6 3. Bb5+ Bd7 4. Bc4 Bg4 5. f3 Bf5 6. g4 Bg6 7. Nc3 c6 8. dxc6 Nxc6 9. Nge2 e5 10. 0-0 Bc5+ 11. Kh1 0-0 12. d3 a6 13. a3 b5 14. Ba2 Ra7 15. Bg5 Qa8 16. Bxf6 gxf6 17. Ne4 Bb6 18. Nxf6+ Kg7 19. Nd5 Bc5 20. Ng3 Rd7 21. Ne4 Ba7 22. Nef6 Rd6 23. h4 Qc8 24. h5 Rxf6 25. Nxf6 Kxf6 26. hxg6 fxg6 27. Bd5 Kg7 28. Qe1 Re8 29. Qc3 Qd8 30. Qxc6 Qh4+ 31. Kg2 Re7 32. Qc8 h5 33. Qg8+ Kh6 34. Qf8+ Kh7 35. Bg8+ Kh8 36. Bf7+ Kh7 37. Qg8+ Kh6 38. Qxg6# 1-0